| 000 | 00927nam a2200265Ia 4500 | ||
|---|---|---|---|
| 003 | OSt | ||
| 005 | 20220926034221.0 | ||
| 006 | a|||||r|||| 00| 0 | ||
| 007 | ta | ||
| 008 | 220923b |||||||| |||| 00| 0 eng d | ||
| 020 |
_a9780821384169 _c1519.9300000000001 |
||
| 037 |
_b162/2011-12, 22/03/2012, CLASSIC BOOKS SERVICES _cGeneral Book |
||
| 040 |
_aRTL _cRTL _beng |
||
| 041 |
_2eng _aeng |
||
| 082 | _aX:54.1(X), Q0 | ||
| 100 |
_aArvis Jean-Francois _9340210 |
||
| 245 | 0 |
_aConnecting landlocked developing countries to markets _b Trade corridors in the 21st century. |
|
| 260 |
_aWashington _bD.C. World Bank _c2011 |
||
| 300 |
_axxiv, 274p. _ccm. |
||
| 490 | _aDirections in Development Trade | ||
| 500 | _aAppendix: P 189-260 | ||
| 650 | _aCommerce | ||
| 942 |
_hX:54.1(X), Q0 _cGB _2CC |
||
| 999 |
_c659006 _d659006 |
||